000
00340 a2200157 4500
001
58619
020
_a
040
_c
Anchieta - Pituba
100
_a
Sá, Francisco José Bezerra
240
1
0
_a
O romance da torre
_l
por
245
1
0
_a
O romance da torre
300
_a
148
362
0
_a
1966
650
4
_a
Literatura juvenil
942
_c
BK
999
_c
58619
_d
58619